000 00405 a2200109 4500
001 ART_3470
005 20260410161715.0
008 260409a
245 1 0 _aCanción de otoño en primavera:Previsiones sobre la crisis de la agricultura cerealera argentina(1894-1930)
100 1 _aHalperin Donghi, Tulio
773 0 _tDesarrollo económico
_g- Vol. 24, Nº 95 (oct./dic. 1984)
_wREV1174
999 _c16418
_d16418